Statistiken für Die 100 häufigsten Baby-Mädchenvornamen Deutschlands

Klicken Sie hier um das Quiz zu spielen!

Allgemein

  • Dieses Quiz wurde 4.110 mal gespielt
  • Das Durchschnittsergebnis liegt bei 38 aus 100

Antwortstatistiken

PlatzVorname% Korrekt
11Anna
91%
14Lena
85%
8Marie
80%
3Hannah
78%
45Lisa
77%
1Emma
71%
53Maria
71%
4Mia
70%
10Lea
69%
33Sarah
69%
25Sophie
69%
94Emmi
68%
5Sofia
68%
43Julia
66%
27Lara
64%
31Laura
62%
6Lina
62%
68Elli
60%
16Luisa
58%
37Paula
58%
76Jana
54%
17Leonie
53%
22Johanna
52%
12Clara
51%
24Lia
51%
86Nina
49%
56Anni
48%
38Elisa
47%
2Emilia
47%
18Emily
46%
26Lilly
46%
83Katharina
45%
9Ella
44%
20Charlotte
43%
39Pia
43%
62Isabell
42%
28Maja
41%
23Amelie
39%
61Luise
39%
46Mara
39%
54Antonia
37%
42Alina
36%
13Leni
35%
29Nele
35%
49Pauline
35%
85Annika
34%
69Carla
34%
57Eva
33%
51Luna
33%
7Mila
33%
48Helena
32%
44Elena
31%
88Elisabeth
31%
21Ida
31%
41Victoria
31%
15Frieda
30%
30Greta
30%
63Zoe
30%
90Jule
29%
32Lotta
29%
40Marlene
29%
35Nora
29%
89Olivia
29%
55Finja
28%
96Linda
28%
70Paulina
28%
93Lotte
27%
77Emely
26%
64Fiona
26%
66Josephine
26%
36Melina
26%
47Mira
26%
82Theresa
25%
52Isabella
24%
74Mina
24%
84Magdalena
23%
19Mathilda
23%
97Ronja
23%
73Lucy
22%
71Martha
22%
65Merle
22%
99Melissa
21%
80Carlotta
18%
58Thea
18%
98Amelia
17%
79Valentina
17%
95Amy
16%
78Milena
16%
100Leila
15%
87Amalia
14%
59Elina
14%
60Romy
14%
34Juna
12%
75Rosalie
11%
72Malia
10%
50Tilda
10%
91Luana
9%
67Hailey
7%
81Maila
7%
92Liya
5%

Verteilung der Resultate

Perzentil nach korrekt beantworteten Fragen

Anzahl Personen mit jedem Resultat

Ihre Resultats-Entwicklung

Sie haben dieses Quiz noch nicht gespielt